00902cam a22002894a 450000100090000000300040000900500170001300800410003001000170007102000180008802000150010604000180012104200080013905000240014708200150017110000210018624500750020726000640028230000340034650400640038065000200044465000410046465000290050565000440053465000210057870000130059912727751OSt20230902122438.0020402s2002 enka b 001 0 eng  a 2002021392 a9781843760900 a1840640901 aDLCcDLCdDLC apcc00aHB172.5b.M548 200200a339bMIN/A1 aMinford, Patrick10aAdvanced macroeconomics :ba primer /cPatrick Minford and David Peel. aCheltenham, UK ;aNorthampton, MA, USA :bE. Elgar,cc2002. axii, 548 p. :bill. ;c24 cm. aIncludes bibliographical references (p. 491-526) and index. 0aMacroeconomics. 0aMacroeconomicsxMathematical models. 0aEconomics, Mathematical. 0aRational expectations (Economic theory) 0aEconomic policy.1 aPeel, D.